| 000 | 01002nam0a22002531 4500 | ||
|---|---|---|---|
| 001 | rc\635507 | ||
| 005 | 20031121164536.5 | ||
| 035 | _a(NLR Aleph) 005877396 | ||
| 090 |
_a6042351 _c6042351 |
||
| 100 | _a20031121d1986 u |0rusy50 ca | ||
| 101 | 0 | _arus | |
| 102 | _aRU | ||
| 105 | _aa ||||||||| | ||
| 200 | 1 |
_aМНОГОМЕРНЫЙ анализ данных, получаемых в экспериментах с РЭК и ШАЛ _fС.Х. Галфаян, А.М. Дунаевский, М.З. Зазян, А.А. Чилингарян |
|
| 210 |
_aМ. _cБ. и. _d1986 |
||
| 215 |
_a[1], 34 с. _cграф. _d20 |
||
| 225 | 1 |
_aПрепринт _fАН СССР, Физ. ин-т им. П.Н. Лебедева _v№ 332 _iФизика элементарных частиц и космических лучей |
|
| 320 | _aБиблиогр.: с. 30-33 | ||
| 701 | 1 |
_aГалфаян _bС. Х. |
|
| 801 | 0 |
_aRU _bNLR _gpsbo |
|
| 801 | 1 |
_aRU _bELAR _2rusmarc |
|
| 852 |
_aNLR _j87-4/22127 |
||
| 942 | _cBOOK | ||
| 980 | _aNB | ||